Catálogo

Estrategias de enseñanza y aprendizaje : (Registro nro. 24775)

Detalles MARC
000 -LEADER
fixed length control field 01620cam a2200409 i 4500
001 - CONTROL NUMBER
control field 24775
003 - CONTROL NUMBER IDENTIFIER
control field Mx-PuUPA
005 - DATE AND TIME OF LATEST TRANSACTION
control field 20251022131015.0
008 - FIXED-LENGTH DATA ELEMENTS--GENERAL INFORMATION
fixed length control field 140415s2006 sp a gr 000 0 spa d
017 ## - COPYRIGHT OR LEGAL DEPOSIT NUMBER
Copyright or legal deposit number B-31.619-2006
020 ## - INTERNATIONAL STANDARD BOOK NUMBER
International Standard Book Number 8478271589
Qualifying information ISBN 10
020 ## - INTERNATIONAL STANDARD BOOK NUMBER
International Standard Book Number 9788478271580
Qualifying information ISBN 13
040 ## - CATALOGING SOURCE
Original cataloging agency Mx-PuUPA
Language of cataloging spa
Transcribing agency Mx-PuUPA
Modifying agency Mx-PuUPA
Description conventions rda
041 0# - LANGUAGE CODE
Language code of text/sound track or separate title spa
100 1# - MAIN ENTRY--PERSONAL NAME
Personal name Monereo i Font, Carles,
Dates associated with a name 1957-
9 (RLIN) 8044
Relator term autor
-- coordinador
245 10 - TITLE STATEMENT
Title Estrategias de enseñanza y aprendizaje :
Remainder of title formación del profesorado y aplicación en la escuela /
Statement of responsibility, etc. Carles Monereo (coord.) ; Montserrat Castelló, Mercè Clariana, Montserrat Palma, María Lluïsa Pérez Cabaní
250 ## - EDITION STATEMENT
Edition statement 11.a edición /
Remainder of edition statement junio
264 #1 - PRODUCTION, PUBLICATION, DISTRIBUTION, MANUFACTURE, AND COPYRIGHT NOTICE
Place of production, publication, distribution, manufacture Barcelona, España :
Name of producer, publisher, distributor, manufacturer Editorial Graó,
Date of production, publication, distribution, manufacture, or copyright notice 2006
300 ## - PHYSICAL DESCRIPTION
Extent 191 páginas :
Other physical details ilustraciones ;
Dimensions 24 cm
336 ## - CONTENT TYPE
Fuente rdacontent
Content type term texto
Content type code txt
337 ## - MEDIA TYPE
Source rdamedia
Media type term sin medio
Media type code n
338 ## - CARRIER TYPE
Source rdacarrier
Carrier type term volumen
Carrier type code nc
490 0# - SERIES STATEMENT
Series statement Didáctica / Diseño y desarrollo curricular ;
Volume/sequential designation 112
650 #7 - SUBJECT ADDED ENTRY--TOPICAL TERM
Source of heading or term armarc
Topical term or geographic name entry element Psicología del aprendizaje
650 #7 - SUBJECT ADDED ENTRY--TOPICAL TERM
Source of heading or term armarc
Topical term or geographic name entry element Formación profesional de maestros
650 #7 - SUBJECT ADDED ENTRY--TOPICAL TERM
Source of heading or term armarc
Topical term or geographic name entry element Psicopedagogía
650 #7 - SUBJECT ADDED ENTRY--TOPICAL TERM
Source of heading or term armarc
Topical term or geographic name entry element Enseñanza
650 #7 - SUBJECT ADDED ENTRY--TOPICAL TERM
Source of heading or term armarc
Topical term or geographic name entry element Estrategias de aprendizaje
700 1# - ADDED ENTRY--PERSONAL NAME
Personal name Castelló, Montserrat
Relator term autor
700 1# - ADDED ENTRY--PERSONAL NAME
Personal name Clariana, Mercè
Relator term autor
700 1# - ADDED ENTRY--PERSONAL NAME
Personal name Palma, Montserrat,
Relator term autor
700 1# - ADDED ENTRY--PERSONAL NAME
Personal name Pérez Cabani, María Lluïsa,
Relator term autor
942 ## - ADDED ENTRY ELEMENTS (KOHA)
Source of classification or shelving scheme Dewey Decimal Classification
Koha item type Libro
Classification part 370.1523
Item part M73
Existencias
Withdrawn status Lost status Source of classification or shelving scheme Damaged status Not for loan Collection code Home library Current library Shelving location Date acquired Source of acquisition Cost, normal purchase price Total Checkouts Full call number Barcode Date last seen Cost, replacement price Price effective from Koha item type
    Dewey Decimal Classification     General Biblioteca Karol Wojtyla Biblioteca Karol Wojtyla Sala general 29/01/2025 Donación 0.00   370.1523 M73 2006 46249 05/01/2026 0.00 03/12/2013 Libro